[Event "3º Open de Lisboa "]
[Site "Altis Park Hotel - Rua Eng.º A"]
[Date "2015.08.14"]
[Round "7.26"]
[White "LOPES, José Manuel Cidreiro"]
[Black "ELIAS, Ruben Joel Monteiro"]
[Result "0-1"]
[WhiteElo "1641"]
[BlackElo "1812"]
[PlyCount "59"]
[EventDate "2015.08.08"]

1. e4 e5 2. Nf3 Nc6 3. Bc4 Bc5 4. c3 Nf6 5. b4 Bb6 6. d3 d6 7. O-O h6 8. a4 a6
9. h3 O-O 10. Be3 Bxe3 11. fxe3 d5 12. Bxd5 Nxd5 13. exd5 Qxd5 14. e4 Qd6 15.
Na3 Rd8 16. Ne1 Be6 17. Qf3 Rd7 18. Nc4 Bxc4 19. dxc4 Nxb4 20. Rb1 Nc6 21. Rxb7
Qc5+ 22. Kh1 Qxc4 23. Nc2 Qxa4 24. Ne3 Rad8 25. Nd5 Qc4 26. Rfb1 Ne7 27. R7b4
Qc5 28. Qg3 Nxd5 29. exd5 Qxd5 30. Re4 0-1

[Event "3º Open de Lisboa "]
[Site "Altis Park Hotel - Rua Eng.º A"]
[Date "2015.08.14"]
[Round "7.29"]
[White "MARTINS, Abílio Morgado"]
[Black "GUIA, Artur Solovyov Eloy "]
[Result "1-0"]
[WhiteElo "1524"]
[BlackElo "1265"]
[PlyCount "79"]
[EventDate "2015.08.08"]

1. d4 d5 2. Nf3 Nf6 3. g3 Bg4 4. Nbd2 Nc6 5. Bg2 e6 6. O-O Qd7 7. b3 O-O-O 8.
Bb2 Kb8 9. Rc1 Bb4 10. c3 Bd6 11. c4 Rhe8 12. Ne5 Nxe5 13. dxe5 Ne4 14. exd6
Nxd6 15. c5 Nb5 16. a4 Nd6 17. cxd6 Qxd6 18. Nf3 Rg8 19. Be5 Qe7 20. Bxc7+ Ka8
21. Bxd8 Qxd8 22. Ne5 Bh5 23. Qc2 a6 24. e3 Ka7 25. Qc5+ Kb8 26. Qb4 Qf6 27.
Nd7+ Ka8 28. Nxf6 gxf6 29. Rc7 Rb8 30. e4 Bg6 31. exd5 e5 32. d6 e4 33. g4 h6
34. f4 f5 35. d7 Ka7 36. Rc8 f6 37. Rxb8 Kxb8 38. d8=Q+ Ka7 39. Qc7 Ka8 40.
Qcxb7# 1-0

[Event "3º Open de Lisboa "]
[Site "Altis Park Hotel - Rua Eng.º A"]
[Date "2015.08.14"]
[Round "7.30"]
[White "MOUQUINHO, José F Borralho"]
[Black "MARTINS, José Carlos Caetano"]
[Result "1-0"]
[WhiteElo "1510"]
[BlackElo "1097"]
[PlyCount "87"]
[EventDate "2015.08.08"]

1. e4 e5 2. Nf3 Nc6 3. Bc4 Bc5 4. c3 Nf6 5. d3 O-O 6. Bg5 d6 7. h3 Be6 8. Nbd2
h6 9. Bh4 Na5 10. Bxe6 fxe6 11. b4 Bxb4 12. cxb4 Nc6 13. Qb3 Qe7 14. O-O Qf7
15. Rac1 Nh5 16. Bg3 Nxg3 17. fxg3 Qg6 18. Kh2 Rf7 19. Nh4 Rxf1 20. Rxf1 Qe8
21. Ndf3 g5 22. Nf5 Kh7 23. Ne3 Qg6 24. a3 Re8 25. Qc4 Qg7 26. g4 Nd4 27. Nxd4
exd4 28. Nc2 e5 29. Rf7 Kg8 30. Rxg7+ Kxg7 31. Qxc7+ Kf8 32. Qxd6+ Re7 33. Ne1
Ke8 34. Nf3 Rd7 35. Qxe5+ Re7 36. Qxd4 Rd7 37. Qc4 Kd8 38. Ne5 Rc7 39. Qg8+ Ke7
40. Qg7+ Kd8 41. Qf6+ Ke8 42. Nc4 Rf7 43. Nd6+ Kf8 44. Qxf7# 1-0

[Event "3º Open de Lisboa "]
[Site "Altis Park Hotel - Rua Eng.º A"]
[Date "2015.08.14"]
[Round "7.34"]
[White "ABREU, Paulo Alexandré Madu"]
[Black "ABREU, Alexandré Ribeiro"]
[Result "1/2-1/2"]
[WhiteElo "1322"]
[BlackElo "1342"]
[PlyCount "80"]
[EventDate "2015.08.08"]

1. e4 e6 2. Nc3 c5 3. Nf3 Nc6 4. Bb5 g6 5. d3 Bg7 6. O-O Nge7 7. Be3 b6 8. a3
O-O 9. Qd2 d5 10. exd5 exd5 11. Bh6 Bb7 12. Bxg7 Kxg7 13. d4 c4 14. Bxc6 Bxc6
15. Rfe1 Re8 16. Re2 Qc7 17. Rae1 Nf5 18. Nd1 Rxe2 19. Rxe2 Re8 20. c3 Rxe2 21.
Qxe2 Qe7 22. Ne3 Qe6 23. Kf1 a6 24. Ng4 Qxe2+ 25. Kxe2 f6 26. Ne3 Nxe3 27. Kxe3
Kf7 28. h4 h5 29. g3 Ke6 30. Kf4 a5 31. Nd2 Ba4 32. Nf3 Bc2 33. Nd2 b5 34. Nf3
a4 35. Ne1 Be4 36. g4 hxg4 37. Kxg4 Bf5+ 38. Kf4 Be4 39. Kg4 f5+ 40. Kf4 Kf6
1/2-1/2